INTERNATIONAL REVIVEW OF THE COMPOSITION OF CEMENT PASTES MORTARS CONCRETES AND AGGREGATES TO BE USED IN WATER RETAINING STRUCTURES (Record no. 546990)
[ view plain ]
| 000 -LEADER | |
|---|---|
| fixed length control field | 00532 a2200157 4500 |
| 020 ## - INTERNATIONAL STANDARD BOOK NUMBER | |
| International Standard Book Number | 0-11-753002-6 |
| 082 ## - DEWEY DECIMAL CLASSIFICATION NUMBER | |
| Classification number | 624.1833 LAW |
| Author Mark | L-38-P-33 |
| 090 ## - LOCALLY ASSIGNED LC-TYPE CALL NUMBER (OCLC); LOCAL CALL NUMBER (RLIN) | |
| -- | 2945 |
| -- | 2945 |
| 100 ## - MAIN ENTRY--PERSONAL NAME | |
| Personal name | LAWRENCE C.D |
| 9 (RLIN) | 43188 |
| 245 ## - TITLE STATEMENT | |
| Title | INTERNATIONAL REVIVEW OF THE COMPOSITION OF CEMENT PASTES MORTARS CONCRETES AND AGGREGATES TO BE USED IN WATER RETAINING STRUCTURES |
| 260 ## - PUBLICATION, DISTRIBUTION, ETC. | |
| Place of publication, distribution, etc. | LONDON |
| Name of publisher, distributor, etc. | HMSO |
| Date of publication, distribution, etc. | 1994 |
| 300 ## - PHYSICAL DESCRIPTION | |
| Extent | VII, 159P. |
| Dimensions | 26CM |
| 500 ## - GENERAL NOTE | |
| General note | CONCRETE |
| 526 ## - STUDY PROGRAM INFORMATION NOTE | |
| Program name | 0 |
| Interest level | 0 |
| Reading level | 0 |
| Title point value | 624_183300000000000_LAW_L38P33 |
| 942 ## - ADDED ENTRY ELEMENTS (KOHA) | |
| Source of classification or shelving scheme | |
| Institution code [OBSOLETE] | MCE |
| Koha item type | |
| Call number prefix | 624.1833 LAW |
| Withdrawn status | Lost status | Source of classification or shelving scheme | Damaged status | Not for loan | Permanent Location | Current Location | Date acquired | Total Checkouts | Full call number | Barcode | Date last seen | Price effective from | Koha item type |
|---|---|---|---|---|---|---|---|---|---|---|---|---|---|
| Military College of Engineering (MCE) | Military College of Engineering (MCE) | 06/27/2014 | 624.1833 LAW L-38-P-33 | MCE-29604 | 06/27/2014 | 06/27/2014 |
